000 00540nam a22001817a 4500
008 131127b xxu||||| |||| 00| 0 ger d
020 _a9783708304274
041 0 _ager
080 _a347
110 _aBundesministerium für Justiz
245 _aJustiz für die zukunftsgesellschaft /
_cBundesministerium für Justiz
260 _aWien :
_bNWV Verlag ;
_c2007.
300 _a265 f. :
_c22 cm.
490 _aSchriftenreihe des Bundesministerium für Justiz - Band 131
650 0 _aE drejta
650 0 _aE drejta civile
942 _2udc
_cBK
999 _c363
_d363